000
00256nam a2200109Ia 4500
008
190216s9999||||xx |||||||||||||| ||und||
100
_a
Narayanan
245
0
_a
Differential Equations
260
_b
Viswanathan Pvt.Ltd
650
_a
Mathematics
942
_c
BK
999
_c
30570
_d
30570